000 00344nam a2200121Ia 4500
008 250110s9999 xx 000 0 und d
041 _aeng
100 _aRamteerthkar Shruti
_9182640
245 _aDomestic Airport Terminal At Shirdi
260 _bFinal Year B.Arch ID, Pune
_c2014
300 _a120p
700 _aGuide Name:Rajwade Atul
_9210315
999 _c363507
_d363507